Statistiques concernant Quiz sur les Drapeaux des 7 Continents #2 Moyen

Cliquez ici pour prendre le quiz!

Statistiques générales

  • Ce quiz a été pris 111 fois
  • Le résultat moyen est 33 sur 48

Statistiques - réponses

Réponse% Correct
Norvège
99%
Islande
96%
Géorgie
94%
Pakistan
94%
Corée du Nord
93%
Macédoine du Nord
93%
Vatican
93%
Slovénie
92%
Luxembourg
91%
Bretagne
90%
Jamaïque
90%
Equateur
86%
Panama
83%
Bahrein
81%
Laos
81%
Lituanie
79%
Ouzbékistan
79%
Singapour
79%
Azerbaïdjan
74%
Costa Rica
73%
Angola
71%
Paraguay
71%
Mali
70%
Palaos
70%
Tonga
69%
Madagascar
68%
République Dominicaine
67%
Iles Marshall
65%
Libye
65%
Belize
64%
Haïti
63%
République du Congo
63%
Bahamas
61%
Cap-Vert
61%
Suriname
59%
Vanuatu
59%
Guinée
58%
Erythrée
56%
Salvador
56%
Nauru
55%
Salomon
54%
Guyana
53%
Tuvalu
48%
Iles Cook
39%
Iles Malouines
19%
Guyane Française
17%
Géorgie du Sud
7%
Quechua
2%

Distribution des résultats

Percentile par nombre de réponses

% des personnes avec chaque résultat

Votre développement - résultats

Vous n’avez pas pris ce quiz